| 000 | 00455nam a22001577a 4500 | ||
|---|---|---|---|
| 005 | 20260424114812.0 | ||
| 008 | 260424b |||||||| |||| 00| 0 eng d | ||
| 020 | _a9789788543008 | ||
| 050 |
_aPR9387.2 _b.G56 |
||
| 100 | _aAbubakar Gimba | ||
| 245 | _aWitnesses to Tears: A Novel | ||
| 260 |
_aZaria _bAhmadu Bello University Press Limited _c1986 |
||
| 300 | _aiv, 138p. | ||
| 650 |
_aENGLISH LITERATURE _vSocial problems—Nigeria—Fiction |
||
| 942 | _cBK | ||
| 999 |
_c4702 _d4702 |
||